|
|
|
|
| LEADER |
00000cam a2200000 7i4500 |
| 001 |
0000009042 |
| 002 |
000009852 |
| 005 |
20040107.0 |
| 020 |
|
|
|a 9839293028
|
| 090 |
0 |
0 |
|a 920
|b SIT
|
| 100 |
0 |
|
|a Siti Mariam Daud
|
| 245 |
1 |
0 |
|a Tunku Abdul Rahman Putera Al-Haj
|c Siti Mariam Daud
|
| 260 |
|
|
|a Kuala Lumpur :
|b Jade Green Publications ,
|c 1996
|
| 300 |
|
|
|a 58p. :
|b ill ;
|c 17cm.
|
| 490 |
0 |
|
|a Pejuang Dan Pembina Negara
|
| 500 |
|
|
|a Koleksi Perdana Menteri Malaysia Aras 3
|
| 650 |
0 |
0 |
|a Tuanku Abdul Rahman Putera Al-Haj
|x Biography
|x Prime Ministry
|z Malaysia
|
| 999 |
|
|
|a 051769
|b BUKU
|c MALAYSIANA
|e PERPUSTAKAAN KOMUNITI PETALING JAYA
|
| 999 |
|
|
|a 051771
|b BUKU
|c MALAYSIANA
|e PERPUSTAKAAN KOMUNITI PETALING JAYA
|
| 999 |
|
|
|a 053849
|b BUKU
|c PINJAMAN
|e PERPUSTAKAAN KOMUNITI CAW KOTA DAMANSARA
|
| 999 |
|
|
|a 053850
|b BUKU
|c MALAYSIANA
|e PERPUSTAKAAN KOMUNITI CAW KOTA DAMANSARA
|
| 999 |
|
|
|a 05
|b BUKU
|c PINJAMAN
|e PERPUSTAKAAN KOMUNITI CAW KOTA DAMANSARA
|